000 00285nam a2200121 a 4500
008 101026s1977|||| d
245 1 0 _aNebeská ríša
100 1 _aMallet-Jorisová, Fracoise
260 _bSmena
_aBratislava
_c1977
020 _c30
041 _aslo
044 _axo
_cSK
999 _c12314
_d12314